LEADER 01686nam a2200385 a 4500 001 000000041937 003 CaOOAMICUS 005 20140910123334.0 008 990216s1998 it u000 u ita r 020 $a8831172980 035 $a10814375 040 $aPUL(R)$bita$dPUL(R) 041 1 $aita$hger 100 0 $aTheresia Benedicta a Cruce,$cs.,$d1891-1942.$0(OLS)http://pul/name/8163 240 10$aEinführung in die Philosophie.$lItaliano.$0(OLS)http://pul/title/56587 245 10$aIntroduzione alla filosofia /$cEdith Stein ; prefazione di Angela Ales Bello ; traduzione di Anna Maria Pezzella. 260 $aRoma :$bCittà Nuova,$cc1998. 300 $a296 p. ;$c21 cm 490 1 $aOpere di Edith Stein 504 $aBibliografia in nota. 650 4$aFilosofia$vManuali, trattati, ecc.$0(OLS)http://pul/subject/9227 700 1 $aPezzella, Anna Maria.$0(OLS)http://pul/name/30838 700 1 $aAles Bello, Angela,$d1939-$0(OLS)http://pul/name/22845 830 0$aOpere di Edith Stein.$0(OLS)http://pul/title/56588 850 $aPUL 852 $aPUL$W1$xSL Filosofia 3$y81$m193 STEED 7.4$j56747$nBK-PRI$qDDC 21$B56747$CPULBib$Z2$F56747 $H79461 $82 900 $aStein, Edith, $csuora,$d1891-1942$98163 900 $aEdith Stein,$cs.,$d1891-1942 $98163 900 $aTeresa Benedetta della Croce.$cs.,$d1891-1942$98163 900 $aTeresia Benedicta a Cruce,$cs.,$d1891-1942?$98163 941 1 $a9 961 $aINV: 79461 996 $6020$a8831172980$9(OLS)http://pul/number/52305 996 $6245$aIntroduzione alla filosofia$9(OLS)http://pul/title/2712 996 $6260$aRoma :$bCittà Nuova$9(OLS)http://pul/publisher/47927 LEADER 01097nam a2200277 u 4500 001 000000033112 003 CaOOAMICUS 005 20070226112327.0 008 971028s1990 it u000 u ita u 020 $a8810604016 035 $a10774590 040 $aPUL(R)$bita 100 1 $aDotolo, Carmelo,$d1959-$0(OLS)http://pul/name/25919 245 10$aGesù di Nazaret :$bil problema storico e la fede cristiana /$cCarmelo Dotolo. 260 $aBologna :$bEdizioni Dehoniane,$cc1990. 300 $a136 p. ;$c22 cm 490 1 $aGrandi religioni 504 $aBibliografia: p. [122]-131. 830 0$aGrandi religioni.$0(OLS)http://pul/title/44551 850 $aPUL 852 $aPUL$W1$xSL Religione 1$y3$m9(1) D 17$j45509$nBK-PRI$b $qStampati$B45509$CPULBib$Z2$F45509 $H $81 941 1 $a8 961 $aINV: 69791 996 $6020$a8810604016$9(OLS)http://pul/number/41649 996 $6245$aGesù di Nazaret :$bil problema storico e la fede cristiana$9(OLS)http://pul/title/45606 996 $6260$aBologna :$bEdizioni Dehoniane$9(OLS)http://pul/publisher/48070